Estatísticas para Freguesias com nomes de santos

Clique aqui para jogar o quiz

Estatísticas Gerais

  • Esse quiz foi jogado 28 vezes
  • A pontuação média é 12 de 20

Estatísticas das Respostas

DicaResposta% Correto
Madeira, Talha, Vêr, PesqueiraSão João
100%
Feira, Lamas, MaiorSanta Maria
91%
Afurada, Cadeira, Cova, CastelõesSão Pedro
91%
Cavaleiros, CharnecaSanto António
82%
Cacém, Guarda, Bougado, VelhosSantiago
73%
Alfena, Beira, Lafões, Aljubarrota, ForaSão Vicente
73%
Benfica, RanaSão Domingos
73%
Negrelos, Recezinhos, Infesta, CoronadoSão Mamede
64%
São Lázaro, LamarosaSão José
64%
Portuzelo, Penaguião, BouroSanta Marta
55%
Galés, Barrosas, BriteirosSanto Estêvão
55%
Rio Torto, Acha, CoutoSão Miguel
55%
Arões, Figueiró, CoutoSanta Cristina
45%
Póvoa, Azoia, Ribeira de SantarémSanta Iria
45%
Beira, Selho, ArroiosSão Jorge
45%
Graciosa, Flores, DouroSanta Cruz
36%
Poiares, Vagos, Vila NovaSanto André
36%
Campo, Recezinhos, Bougado, Alvito, PortoSão Martinho
36%
Tamel, Baião, BriteirosSanta Leocádia
27%
Lagos, Guimarães, Vila, PedreiraSão Sebastião
27%

Distribuição das Pontuações

Percentil de Números Respondidos

Porcentagem de Pessoas com Cada Pontuação

Sua Pontuação Histórica

Você não jogou esse quiz